000 00296nam a22001337a 4500
008 170216b xxu||||| |||| 00| 0 eng d
020 _a9780323045544
041 _aeng
080 _225TH
_a61
100 _a4
101 _aSHM
245 _aINTRAVENOUS MEDICATIONS
_cGAHART, B.L
942 _2udc
_cBK
999 _c5675
_d5675